| 000 | 00516nam a2200181 4500 | ||
|---|---|---|---|
| 008 | 0 1989 0a 000 0MEX | ||
| 020 | _a968-880-156-9 | ||
| 050 | _aHF5415 K67518 1989 | ||
| 082 | _a658.83 K254m | ||
| 100 | _aKotler, Philip | ||
| 245 | _aMercadotecnia / Philip Kotler | ||
| 250 | _a3a ed. | ||
| 260 | _aMéxico : Prentice Hall | ||
| 300 | _axxii, 746 p. / 25 cm. | ||
| 500 | _aIncluye índice, glosario y ap‚ndice | ||
| 650 | _a1.Mercadotecnia | ||
| 700 | _aSalazar, José Manuel, Tr. | ||
| 999 |
_c14781 _d14781 |
||